Pengurusan Harta Pusaka Dalam Islam : Ilmu Faraid /

Bibliographic Details
Main Author: Ahmad Zawawi Abdullah, 1948- (Author)
Format: Book
Published: Rawang, Selangor Pustaka Ilmuwan [2016]
Subjects:
LEADER 00874cam a2200277 7i4500
001 0000071717
005 20250819090000.0
008 250819t2016 my # e # 0 may#d
020 # # |a 9789670634463  
040 # # |a BK 
082 0 4 |a 340.59 
090 0 4 |a 340.59   |b AHM 
100 0 # |a Ahmad Zawawi Abdullah,   |d 1948-   |e author 
245 1 0 |a Pengurusan Harta Pusaka Dalam Islam :   |b Ilmu Faraid /   |c HAJI AHMAD ZAWAWI ABDULLAH. 
264 # 1 |a Rawang, Selangor  |b Pustaka Ilmuwan  |c [2016] 
300 # # |a xii, 264 pages;   |c 21cm. 
336 # # |a text  |2 rdacontent 
337 # # |a unmediated  |2 rdamedia 
338 # # |a volume  |2 rdacarrier 
500 # # |a Contains verses from the Qur'an  
583 # # |a LULUS 
650 1 0 |a Inheritance and succession (Islamic law)  
650 2 0 |a Wills (Islamic law)  
997 # # |a BK 
998 # # |a  1000072542 
999 |a 1000072542  |b BOOK  |c Main Non-Fiction  |e INTAN Bukit Kiara